The subject of violence : the Song of Roland and the birth of the state /

Bibliographic Details
Main Author: Haidu, Peter, 1931-
Format: Book
Language:English
Published: Bloomington : Indiana University Press, [1993]
Subjects:

MARC

Tag First Indicator Second Indicator Subfields
LEADER 00000cam a22000008a 4500
001 in00001147421
005 20151001050803.0
008 920929s1993 inu b 000 0 eng
010 |a  92033892  
020 |a 0253305489 
035 |a (OCoLC)26807571 
035 |9 AGB8184AM 
040 |a DLC  |c DLC  |d TXA  |d UtOrBLW 
043 |a e-fr--- 
049 |a TXAM 
050 0 0 |a PQ1522  |b .H33 1993 
082 0 0 |a 841/.1  |2 20 
100 1 |a Haidu, Peter,  |d 1931- 
245 1 4 |a The subject of violence :  |b the Song of Roland and the birth of the state /  |c Peter Haidu. 
263 |a 9312 
264 1 |a Bloomington :  |b Indiana University Press,  |c [1993] 
264 4 |c ©1993 
300 |a 257 pages  
336 |a text  |b txt  |2 rdacontent 
337 |a unmediated  |b n  |2 rdamedia 
338 |a volume  |b nc  |2 rdacarrier 
504 |a Includes bibliographical references and indexes. 
630 0 0 |a Chanson de Roland. 
650 0 |a Roland (Legendary character)  |x Romances  |x History and criticism. 
650 0 |a Epic poetry, French  |x History and criticism. 
650 0 |a Literature and state  |z France  |x History. 
650 0 |a Kings and rulers in literature. 
650 0 |a Social history in literature. 
650 0 |a Violence  |z France  |x History. 
650 0 |a Violence in literature. 
650 0 |a Semiotics. 
999 |a MARS 
999 f f |s 8581db64-60fa-3432-a2ca-7576a9cbcb1c  |i 34881f8c-fd47-313f-8bb8-12f581a50f1a  |t 0 
952 f f |p normal  |a Texas A&M University  |b College Station  |c Sterling C. Evans Library  |d Evans: Library Stacks  |t 0  |e PQ1522 .H33 1993  |h Library of Congress classification  |i unmediated -- volume  |m A14817593655 
998 f f |a PQ1522 .H33 1993  |t 0  |l Evans: Library Stacks